000 00360 a2200169 4500
001 73082
020 _a8526259369
040 _cAnchieta - Colégio São Paulo
100 _aVicentino, Claúdio
240 1 0 _aHistória
_lpor
245 1 0 _aHistória
300 _a272
362 0 _a2006
440 1 _aScipione
650 4 _aHistória do mundo
942 _cBK
999 _c73082
_d73082